[Event "60th POL-ch"]
[Site "Warsaw POL"]
[Date "2003.04.22"]
[Round "1"]
[White "Grabarczyk, Miroslaw"]
[Black "Jakubowski, Krzysztof"]
[Result "0-1"]
[WhiteElo "2508"]
[BlackElo "2483"]
[EventDate "2003.04.22"]
[PlyCount "52"]

1.d4 d5 2.c4 e6 3.Nf3 Nf6 4.Nc3 Be7 5.Bg5 O-O 6.e3 Nbd7 7.cxd5 exd5 8.Qc2 
Re8 9.Bd3 Nf8 10.O-O c6 11.Rab1 a6 12.b4 Ne4 13.Bxe7 Qxe7 14.a4 Ng6 15.b5 
axb5 16.axb5 Bg4 17.Nd2 Nxd2 18.Qxd2 Nh4 19.Be2 Bh3 20.g3 Qf6 21.Qd1 Bxf1 
22.Bxf1 Nf3+ 23.Kg2 Ng5 24.bxc6 bxc6 25.Rb6 g6 26.Nxd5 Qd8 0-1

[Event "60th POL-ch"]
[Site "Warsaw POL"]
[Date "2003.04.22"]
[Round "1"]
[White "Miton, Kamil"]
[Black "Urban, Klaudiusz"]
[Result "1-0"]
[WhiteElo "2545"]
[BlackElo "2451"]
[EventDate "2003.04.22"]
[PlyCount "112"]

1.d4 d5 2.c4 e6 3.Nf3 Nf6 4.Nc3 Nbd7 5.Bf4 dxc4 6.e3 Nb6 7.Bxc4 Nxc4 8.
Qa4+ Bd7 9.Qxc4 Bd6 10.Bg5 O-O 11.O-O Be7 12.Rac1 c6 13.e4 h6 14.Be3 Qa5 
15.Ne5 Rfd8 16.f3 Be8 17.Nd3 Qc7 18.Rfd1 a5 19.Qb3 Qb8 20.Bf2 Nd7 21.Re1 
b5 22.Ne2 Nb6 23.Ne5 Qb7 24.Nf4 Bg5 25.g3 Rac8 26.h4 Bf6 27.Nfd3 Nd7 28.f4
Nxe5 29.fxe5 Be7 30.Nc5 Bxc5 31.Rxc5 a4 32.Qb4 Rb8 33.a3 Qd7 34.Be3 Rb7 
35.Rf1 Qe7 36.Kh2 Rbd7 37.Rf2 Rb7 38.Kh3 Rbd7 39.g4 Rb8 40.g5 h5 41.g6 Qd8
42.Rxc6 Rc7 43.Rxc7 Qxc7 44.Qd6 Rc8 45.Qxc7 Rxc7 46.d5 fxg6 47.d6 Rf7 48.
Bf4 Bc6 49.Kg3 Bxe4 50.Re2 Bc6 51.Rc2 Be8 52.Rc8 Kf8 53.Bg5 Rb7 54.Kf2 Kf7
55.Ke3 Bd7 56.Rd8 Bc6 1-0

[Event "60th POL-ch"]
[Site "Warsaw POL"]
[Date "2003.04.22"]
[Round "1"]
[White "Macieja, Bartlomiej"]
[Black "Jaracz, Pawel"]
[Result "1/2-1/2"]
[WhiteElo "2634"]
[BlackElo "2549"]
[EventDate "2003.04.22"]
[PlyCount "113"]

1.e4 c5 2.Nf3 e6 3.d4 cxd4 4.Nxd4 Nc6 5.Nc3 Qc7 6.Be3 a6 7.Qd2 Nf6 8.O-O-O
Bb4 9.f3 Ne5 10.Nb3 b5 11.Kb1 Be7 12.Qf2 d6 13.h4 h5 14.Qg3 b4 15.Ne2 Nc4 
16.Bf2 O-O 17.Ned4 Bd7 18.Nd2 Nxd2+ 19.Rxd2 e5 20.Nf5 Bxf5 21.exf5 a5 22.
Be3 Kh8 23.Be2 a4 24.Rd3 Rac8 25.Rc1 d5 26.Bd2 Qb8 27.Qe1 a3 28.Rb3 axb2 
29.Rxb2 Qa7 30.Bd3 Bc5 31.Bxb4 e4 32.fxe4 dxe4 33.Bc4 Bxb4 34.Rxb4 Rxc4 
35.Rxc4 Ra8 36.a4 Qd7 37.Qb4 Qxf5 38.Qb7 Re8 39.Qxf7 e3 40.Rc7 Qg4 41.Qc4 
Re4 42.Qc5 e2 43.Re1 Rb4+ 44.Ka2 Rxa4+ 45.Kb2 Rb4+ 46.Ka3 Rb8 47.c3 Ne4 
48.Qd4 Qg3 49.Rd7 Nxc3 50.Rd8+ Rxd8 51.Qxd8+ Kh7 52.Qc8 Nd5+ 53.Kb2 Qxe1 
54.Qf5+ Kg8 55.Qxd5+ Kf8 56.Qf5+ Ke7 57.Qe5+ 1/2-1/2

[Event "60th POL-ch"]
[Site "Warsaw POL"]
[Date "2003.04.22"]
[Round "1"]
[White "Kempinski, Robert"]
[Black "Socko, Bartosz"]
[Result "1/2-1/2"]
[WhiteElo "2553"]
[BlackElo "2577"]
[EventDate "2003.04.22"]
[PlyCount "41"]

1.d4 Nf6 2.c4 e6 3.Nf3 b6 4.g3 Ba6 5.b3 Bb4+ 6.Bd2 Be7 7.Bg2 c6 8.Bc3 d5 
9.Nbd2 O-O 10.O-O Nbd7 11.Re1 Bb7 12.e4 dxe4 13.Ng5 c5 14.Ndxe4 cxd4 15.
Bxd4 Qc7 16.Nxf6+ Bxf6 17.Bxb7 Qxb7 18.Ne4 Bxd4 19.Qxd4 Rad8 20.Rad1 Qa8 
21.Qb2 1/2-1/2

[Event "60th POL-ch"]
[Site "Warsaw POL"]
[Date "2003.04.22"]
[Round "1"]
[White "Krasenkow, Michal"]
[Black "Markowski, Tomasz"]
[Result "1/2-1/2"]
[WhiteElo "2609"]
[BlackElo "2587"]
[EventDate "2003.04.22"]
[PlyCount "81"]

1.d4 d5 2.Nf3 Nf6 3.c4 dxc4 4.e3 e6 5.Bxc4 a6 6.Qe2 Nbd7 7.e4 b5 8.Bb3 Bb7
9.e5 Nd5 10.Nc3 Nxc3 11.bxc3 c5 12.O-O Be7 13.d5 c4 14.dxe6 cxb3 15.exd7+ 
Qxd7 16.axb3 O-O 17.Nd4 Qd5 18.f4 Bc5 19.Be3 b4 20.Nf5 Qe4 21.cxb4 Bxe3+ 
22.Nxe3 Rfd8 23.Rae1 Rd3 24.Nc4 Qxe2 25.Rxe2 Rxb3 26.Nd6 Rxb4 27.f5 a5 28.
Rd1 a4 29.e6 fxe6 30.fxe6 Bc6 31.e7 Rbb8 32.Rdd2 g6 33.g4 h6 34.h4 a3 35.
g5 hxg5 36.hxg5 Ra5 37.e8=Q+ Bxe8 38.Nxe8 Rxg5+ 39.Kf2 Rf5+ 40.Kg2 Rg5+ 
41.Kf2 1/2-1/2

[Event "60th POL-ch"]
[Site "Warsaw POL"]
[Date "2003.04.22"]
[Round "1"]
[White "Murdzia, Piotr"]
[Black "Bartel, Mateusz"]
[Result "1/2-1/2"]
[WhiteElo "2452"]
[BlackElo "2443"]
[EventDate "2003.04.22"]
[PlyCount "60"]

1.d4 f5 2.Nc3 d5 3.f3 Nf6 4.Bg5 c6 5.Qd2 Be6 6.Nh3 Nbd7 7.O-O-O h6 8.Bxf6 
Nxf6 9.Nf4 Bf7 10.h4 e6 11.Qe3 Qd7 12.Nd3 Bd6 13.Kb1 Qc7 14.f4 O-O-O 15.g3
Ne4 16.Bg2 Nxc3+ 17.bxc3 Qa5 18.Nc1 Kb8 19.Nb3 Qc7 20.h5 b6 21.Ka1 a5 22.
Rb1 Ka7 23.Nd2 c5 24.Nf3 Rb8 25.Ne5 cxd4 26.cxd4 Bxe5 27.dxe5 Qc4 28.Rb2 
Rhc8 29.Rhb1 Rc5 30.Bf3 Qc3 1/2-1/2

[Event "60th POL-ch"]
[Site "Warsaw POL"]
[Date "2003.04.23"]
[Round "2"]
[White "Markowski, Tomasz"]
[Black "Murdzia, Piotr"]
[Result "1-0"]
[WhiteElo "2587"]
[BlackElo "2452"]
[EventDate "2003.04.22"]
[PlyCount "125"]

1.g3 e5 2.c4 Nf6 3.Bg2 c6 4.Nc3 d5 5.d4 exd4 6.Qxd4 dxc4 7.Qxc4 Be6 8.Qa4 
Qc8 9.Nf3 Be7 10.O-O Bh3 11.Rd1 Bxg2 12.Kxg2 O-O 13.e4 Nbd7 14.Nd4 Re8 15.
f3 Bf8 16.Nf5 Qc7 17.Bf4 Qb6 18.Rd2 Rad8 19.Rad1 Nc5 20.Qc2 Rxd2+ 21.Qxd2 
Ne6 22.Be3 Qc7 23.Qc2 Rd8 24.Rxd8 Nxd8 25.Qb3 b6 26.Ne2 Ne6 27.Qc3 Qd7 28.
Nfd4 Nxd4 29.Qxd4 Qxd4 30.Nxd4 Bc5 31.Kf2 Bxd4 32.Bxd4 Nd7 33.Ke2 f6 34.g4
Kf7 35.f4 Ke6 36.h4 a6 37.b3 g6 38.Ke3 c5 39.Bc3 Nb8 40.f5+ gxf5 41.exf5+ 
Kf7 42.Ke4 Nc6 43.Kd5 Ne7+ 44.Kd6 h5 45.gxh5 Nxf5+ 46.Kc6 Ne7+ 47.Kb7 Nd5 
48.Bd2 b5 49.Kc6 Nb4+ 50.Kxc5 Nxa2 51.Kb6 b4 52.Kxa6 Nc3 53.Ka5 Nd5 54.
Bxb4 f5 55.Bc5 Kg7 56.Kb5 Kh6 57.Kc6 Nc3 58.b4 f4 59.b5 Na4 60.Bf2 Kxh5 
61.b6 Nxb6 62.Kxb6 Kg4 63.Be1 1-0

[Event "60th POL-ch"]
[Site "Warsaw POL"]
[Date "2003.04.23"]
[Round "2"]
[White "Jakubowski, Krzysztof"]
[Black "Bartel, Mateusz"]
[Result "1/2-1/2"]
[WhiteElo "2483"]
[BlackElo "2443"]
[EventDate "2003.04.22"]
[PlyCount "54"]

1.d4 f5 2.g3 Nf6 3.Bg2 g6 4.Nf3 Bg7 5.O-O O-O 6.c4 d6 7.b3 Ne4 8.Bb2 c6 9.
Nbd2 d5 10.Ne5 Nd7 11.Nd3 Qa5 12.Nf3 dxc4 13.bxc4 Nb6 14.Qc1 Na4 15.Ba3 c5
16.Re1 cxd4 17.Bxe7 Re8 18.Bb4 Qc7 19.Nf4 Nac3 20.Nd2 Nxd2 21.Qxd2 Qxc4 
22.Bxc3 dxc3 23.Qd6 Qd4 24.Bd5+ Kh8 25.Nxg6+ hxg6 26.Qxg6 Qxd5 27.Qxe8+ 
Qg8 1/2-1/2

[Event "60th POL-ch"]
[Site "Warsaw POL"]
[Date "2003.04.23"]
[Round "2"]
[White "Socko, Bartosz"]
[Black "Krasenkow, Michal"]
[Result "1/2-1/2"]
[WhiteElo "2577"]
[BlackElo "2609"]
[EventDate "2003.04.22"]
[PlyCount "43"]

1.e4 e5 2.Nf3 Nc6 3.Bb5 Nf6 4.O-O Nxe4 5.d4 Nd6 6.Bxc6 dxc6 7.dxe5 Nf5 8.
Qxd8+ Kxd8 9.Nc3 Ke8 10.h3 Be7 11.Bf4 Be6 12.Rfd1 h6 13.a3 g5 14.Bh2 h5 
15.Ne4 g4 16.hxg4 hxg4 17.Nd4 Nxd4 18.Rxd4 Rd8 19.Rad1 Rxd4 20.Rxd4 Rh5 
21.Nf6+ Bxf6 22.exf6 1/2-1/2

[Event "60th POL-ch"]
[Site "Warsaw POL"]
[Date "2003.04.23"]
[Round "2"]
[White "Jaracz, Pawel"]
[Black "Kempinski, Robert"]
[Result "1/2-1/2"]
[WhiteElo "2549"]
[BlackElo "2553"]
[EventDate "2003.04.22"]
[PlyCount "29"]

1.e4 c5 2.Nf3 d6 3.d4 cxd4 4.Nxd4 Nf6 5.Nc3 a6 6.Be2 e6 7.Be3 Be7 8.f4 Qc7
9.O-O Nc6 10.Qe1 O-O 11.Qg3 Bd7 12.Kh1 b5 13.a3 Nxd4 14.Bxd4 Qb7 15.Bd3 
1/2-1/2

[Event "60th POL-ch"]
[Site "Warsaw POL"]
[Date "2003.04.23"]
[Round "2"]
[White "Staniszewski, Piotr"]
[Black "Macieja, Bartlomiej"]
[Result "1/2-1/2"]
[WhiteElo "2446"]
[BlackElo "2634"]
[EventDate "2003.04.22"]
[PlyCount "54"]

1.d4 Nf6 2.c4 e6 3.Nf3 b6 4.a3 Bb7 5.Nc3 d5 6.cxd5 Nxd5 7.Qc2 Nxc3 8.Qxc3 
Nd7 9.Bg5 Be7 10.Bxe7 Kxe7 11.g3 Nf6 12.Bg2 Qd6 13.O-O c5 14.dxc5 Qxc5 15.
Qxc5+ bxc5 16.Rac1 Rhc8 17.Rc3 Rab8 18.Rfc1 Nd7 19.b3 Bxf3 20.Bxf3 a5 21.
e3 Rb6 22.Be2 Rcb8 23.Bc4 Ne5 24.a4 Nxc4 25.Rxc4 Rxb3 26.Rxc5 Ra8 27.Rc7+ 
Kf6 1/2-1/2

[Event "60th POL-ch"]
[Site "Warsaw POL"]
[Date "2003.04.23"]
[Round "2"]
[White "Urban, Klaudiusz"]
[Black "Cyborowski, Lukasz"]
[Result "1/2-1/2"]
[WhiteElo "2451"]
[BlackElo "2543"]
[EventDate "2003.04.22"]
[PlyCount "25"]

1.d4 Nf6 2.c4 e6 3.g3 d5 4.Bg2 Bb4+ 5.Bd2 Be7 6.Nf3 O-O 7.O-O c6 8.Qc2 b6 
9.cxd5 cxd5 10.Rc1 Bb7 11.Qc7 Ba6 12.Bf1 Nbd7 13.Qxd8 1/2-1/2

[Event "60th POL-ch"]
[Site "Warsaw POL"]
[Date "2003.04.24"]
[Round "3"]
[White "Miton, Kamil"]
[Black "Jakubowski, Krzysztof"]
[Result "1/2-1/2"]
[WhiteElo "2545"]
[BlackElo "2483"]
[EventDate "2003.04.22"]
[PlyCount "35"]

1.d4 Nf6 2.c4 e6 3.g3 d5 4.Bg2 dxc4 5.Nf3 a6 6.O-O Nc6 7.Nc3 Rb8 8.e4 Be7 
9.d5 exd5 10.exd5 Nb4 11.Ne5 Bf5 12.a3 Nd3 13.Nxc4 O-O 14.Be3 Re8 15.b4 
Ng4 16.Ne4 Nde5 17.Nxe5 Nxe5 18.Bf4 1/2-1/2

[Event "60th POL-ch"]
[Site "Warsaw POL"]
[Date "2003.04.24"]
[Round "3"]
[White "Macieja, Bartlomiej"]
[Black "Urban, Klaudiusz"]
[Result "1-0"]
[WhiteElo "2634"]
[BlackElo "2451"]
[EventDate "2003.04.22"]
[PlyCount "103"]

1.e4 g6 2.d4 Bg7 3.Nf3 d6 4.Bc4 Nc6 5.Ng5 Nh6 6.d5 Ne5 7.Be2 c6 8.c4 Ng8 
9.O-O Nf6 10.Nc3 O-O 11.f4 Qb6+ 12.Kh1 Ned7 13.Qe1 cxd5 14.cxd5 h6 15.Nf3 
Nc5 16.Bc4 e6 17.Rb1 exd5 18.Nxd5 Nxd5 19.Bxd5 Be6 20.Bxe6 Nxe6 21.f5 Nc5 
22.Qh4 Qd8 23.Bg5 f6 24.Bxh6 g5 25.Nxg5 fxg5 26.Bxg5 Bf6 27.Rf3 Kf7 28.
Qh7+ Ke8 29.Qg6+ Kd7 30.e5 Bxg5 31.Qxd6+ Kc8 32.Qxc5+ Kb8 33.Re1 a5 34.e6 
Be7 35.Qe5+ Qc7 36.Qg7 Ka7 37.f6 Rh8 38.h3 Rag8 39.Qxe7 Qc2 40.Rg1 Rxg2 
41.Rxg2 Qd1+ 42.Kh2 Qxf3 43.Qc5+ Ka6 44.Qc4+ Ka7 45.Qd4+ Ka6 46.h4 Qf5 47.
f7 Qxe6 48.Qxh8 Qd6+ 49.Kh3 Qe6+ 50.Kg3 Qe3+ 51.Kg4 Qe4+ 52.Kh5 1-0

[Event "60th POL-ch"]
[Site "Warsaw POL"]
[Date "2003.04.24"]
[Round "3"]
[White "Kempinski, Robert"]
[Black "Staniszewski, Piotr"]
[Result "1-0"]
[WhiteElo "2553"]
[BlackElo "2446"]
[EventDate "2003.04.22"]
[PlyCount "57"]

1.d4 Nf6 2.c4 e6 3.Nf3 b6 4.Nc3 Bb7 5.Qc2 c5 6.dxc5 Bxc5 7.Bf4 O-O 8.Rd1 
Na6 9.e3 Be7 10.Be2 Nc5 11.O-O a6 12.Nd2 d5 13.b4 Ncd7 14.Qb2 Re8 15.cxd5 
exd5 16.Nf3 Bf8 17.Nd4 g6 18.b5 Bg7 19.Qb1 axb5 20.Ndxb5 Ne5 21.e4 Rc8 22.
Qb3 Nc4 23.exd5 Na5 24.Qb1 Nxd5 25.Nxd5 Bxd5 26.Bf3 Qf6 27.Bxd5 Qxf4 28.
Nd6 Be5 29.g3 1-0

[Event "60th POL-ch"]
[Site "Warsaw POL"]
[Date "2003.04.24"]
[Round "3"]
[White "Krasenkow, Michal"]
[Black "Jaracz, Pawel"]
[Result "1-0"]
[WhiteElo "2609"]
[BlackElo "2549"]
[EventDate "2003.04.22"]
[PlyCount "109"]

1.Nf3 Nf6 2.c4 e6 3.d4 b6 4.Nc3 Bb4 5.Qb3 c5 6.Bg5 Bb7 7.e3 O-O 8.dxc5 
Bxc5 9.Be2 Be7 10.O-O Na6 11.Rad1 Nc5 12.Qc2 Nfe4 13.Bf4 Rc8 14.b4 Nxc3 
15.Qxc3 Ne4 16.Qb3 d5 17.Bd3 Qe8 18.Nd4 a6 19.Bxe4 dxe4 20.a4 h5 21.h3 Kh7
22.Bh2 Rg8 23.Rd2 Qf8 24.Nc2 g5 25.Rfd1 g4 26.hxg4 Rxg4 27.Rd7 Bc6 28.Ra7 
Qg7 29.Ne1 Rg8 30.Kf1 Bf8 31.b5 axb5 32.axb5 Be8 33.Qc2 Bb4 34.Bf4 Qg6 35.
f3 exf3 36.Qxg6+ Kxg6 37.gxf3 Rh4 38.Nd3 Bc3 39.Kf2 Kf6 40.Rb7 Ba5 41.Be5+
Kg6 42.Rg1+ Kh7 43.Rxg8 Kxg8 44.Rb8 f6 45.Bg3 Rxc4 46.Rxe8+ Kf7 47.Rh8 e5 
48.Rxh5 Rc2+ 49.Kf1 Rc3 50.Nxe5+ Ke6 51.Nc6 Rxe3 52.Nxa5 bxa5 53.b6 Rxf3+ 
54.Bf2 Ra3 55.Rb5 1-0

[Event "60th POL-ch"]
[Site "Warsaw POL"]
[Date "2003.04.24"]
[Round "3"]
[White "Murdzia, Piotr"]
[Black "Socko, Bartosz"]
[Result "1/2-1/2"]
[WhiteElo "2452"]
[BlackElo "2577"]
[EventDate "2003.04.22"]
[PlyCount "92"]

1.e4 e6 2.d4 d5 3.Nd2 Nf6 4.e5 Nfd7 5.c3 c5 6.Bd3 Nc6 7.Ngf3 g6 8.O-O Bg7 
9.Re1 O-O 10.Nf1 Qb6 11.Bc2 cxd4 12.cxd4 f6 13.exf6 Nxf6 14.h3 Bd7 15.Ng3 
Rac8 16.a3 Ne8 17.Ba4 Nd6 18.Bxc6 Qxc6 19.Ne5 Qc2 20.Qxc2 Rxc2 21.Re2 Ba4 
22.Rxc2 Bxc2 23.Bd2 Nc4 24.Bc3 Nxe5 25.dxe5 Bd3 26.Rd1 Bb5 27.f3 Rc8 28.
Nf1 Bf8 29.Bd4 Ba4 30.b3 Be8 31.Ne3 a6 32.b4 Ba4 33.Rb1 Kf7 34.Kf2 h5 35.
h4 Ke8 36.Ke2 Bh6 37.g3 Bb5+ 38.Kf2 Kd7 39.f4 Bf8 40.Ke1 Bd3 41.Rb3 Bc4 
42.Rb2 b5 43.Kd2 a5 44.Nc2 Ra8 45.Bc3 axb4 46.axb4 Be7 1/2-1/2

[Event "60th POL-ch"]
[Site "Warsaw POL"]
[Date "2003.04.24"]
[Round "3"]
[White "Bartel, Mateusz"]
[Black "Markowski, Tomasz"]
[Result "0-1"]
[WhiteElo "2443"]
[BlackElo "2587"]
[EventDate "2003.04.22"]
[PlyCount "108"]

1.e4 c5 2.Nf3 e6 3.d4 cxd4 4.Nxd4 a6 5.Bd3 Bc5 6.Nb3 Be7 7.Qg4 g6 8.Qe2 d6
9.O-O Nd7 10.Nc3 Qc7 11.Bd2 b6 12.Rae1 Bb7 13.f4 h5 14.f5 gxf5 15.exf5 e5 
16.Be4 Ngf6 17.Bxb7 Qxb7 18.Nd4 b5 19.Nf3 Rc8 20.b4 Rg8 21.a4 bxa4 22.Ra1 
Nb6 23.b5 axb5 24.Qxb5+ Qc6 25.Rfb1 Nfd7 26.Qxc6 Rxc6 27.Nxa4 Nc4 28.Bc1 
Bd8 29.Rb5 Ra6 30.Rbb1 Rc6 31.Rb5 Rc8 32.Ra2 Ncb6 33.Nxb6 Bxb6+ 34.Kf1 Rg4
35.Rd5 Bc5 36.Ra6 Rc4 37.Ba3 Bxa3 38.Rxa3 R8c6 39.Ra8+ Ke7 40.Ra7 Rc7 41.
Rxc7 Rxc7 42.Rd2 Nf6 43.Ke1 Rc4 44.g3 Rc3 45.Ng5 d5 46.Re2 Nd7 47.Kd2 Ra3 
48.Re3 Rxe3 49.Kxe3 Kf6 50.h4 Nb6 51.Kf3 Nc4 52.g4 hxg4+ 53.Kxg4 Ne3+ 54.
Kh3 Nxc2 0-1

[Event "60th POL-ch"]
[Site "Warsaw POL"]
[Date "2003.04.25"]
[Round "4"]
[White "Jakubowski, Krzysztof"]
[Black "Markowski, Tomasz"]
[Result "0-1"]
[WhiteElo "2483"]
[BlackElo "2587"]
[EventDate "2003.04.22"]
[PlyCount "76"]

1.e4 c5 2.Nf3 e6 3.d4 cxd4 4.Nxd4 a6 5.Nc3 b5 6.Bd3 d6 7.O-O Nf6 8.Qe2 Be7
9.f4 Bb7 10.a4 b4 11.Nd1 O-O 12.Rf3 Nbd7 13.Nf2 g6 14.Rh3 e5 15.Nf3 exf4 
16.Bxf4 Re8 17.Qd2 d5 18.Ng5 Bc5 19.Kh1 Qe7 20.Nxh7 Nxh7 21.Ng4 Qe6 22.
Nh6+ Kh8 23.e5 d4 24.Rg3 Ndf8 25.Rf1 Bd5 26.Bf5 Qe7 27.e6 Bxe6 28.Be5+ f6 
29.Bxe6 Qxe6 30.Rxf6 Nxf6 31.Qg5 Qxe5 32.Nf7+ Kg7 33.Nxe5 Rxe5 34.Qxe5 Re8
35.Rxg6+ Nxg6 36.Qg3 Re3 37.Qc7+ Re7 38.Qg3 Ne4 0-1

[Event "60th POL-ch"]
[Site "Warsaw POL"]
[Date "2003.04.25"]
[Round "4"]
[White "Jaracz, Pawel"]
[Black "Murdzia, Piotr"]
[Result "1/2-1/2"]
[WhiteElo "2549"]
[BlackElo "2452"]
[EventDate "2003.04.22"]
[PlyCount "89"]

1.Nf3 d5 2.c4 dxc4 3.Qa4+ Nc6 4.Qxc4 e5 5.d3 Bd6 6.g3 Nf6 7.Bg2 O-O 8.Bg5 
h6 9.Bxf6 Qxf6 10.Nc3 Be6 11.Qa4 Qe7 12.O-O Bd7 13.Nd2 Nd4 14.Qd1 c6 15.e3
Ne6 16.a3 Rad8 17.Nc4 Bb8 18.Re1 Ng5 19.Qe2 Rfe8 20.b4 f5 21.Rab1 e4 22.
Rbd1 Qf6 23.Qc2 Be6 24.Na5 exd3 25.Rxd3 Rxd3 26.Qxd3 Rd8 27.Qc2 Rd7 28.h4 
Nf7 29.Ne2 Be5 30.Nb3 Bxb3 31.Qxb3 h5 32.Qc2 g6 33.a4 a6 34.Rb1 Qd8 35.Bf3
Rd2 36.Qc4 Rd1+ 37.Rxd1 Qxd1+ 38.Kg2 Qd7 39.Nc1 Bf6 40.Nd3 Kh7 41.Qb3 Nd6 
42.Nc5 Qe7 43.Qd3 Kg7 44.Qb3 Kh7 45.Qd3 1/2-1/2

[Event "60th POL-ch"]
[Site "Warsaw POL"]
[Date "2003.04.25"]
[Round "4"]
[White "Staniszewski, Piotr"]
[Black "Krasenkow, Michal"]
[Result "0-1"]
[WhiteElo "2446"]
[BlackElo "2609"]
[EventDate "2003.04.22"]
[PlyCount "124"]

1.d4 g6 2.c4 Bg7 3.Nf3 d6 4.g3 Nf6 5.Bg2 c6 6.O-O O-O 7.Nc3 Bf5 8.b3 Na6 
9.Bb2 Nc7 10.e3 Rb8 11.Qe2 b5 12.Rac1 bxc4 13.Qxc4 Ncd5 14.Rfd1 Qa5 15.Qa4
Qxa4 16.Nxa4 Nb4 17.Ra1 Rfc8 18.Ne1 Nd7 19.Rd2 Nb6 20.Nxb6 Rxb6 21.a3 Na6 
22.b4 c5 23.e4 Be6 24.d5 Bd7 25.Bf1 Bb5 26.Bh3 Ra8 27.Bxg7 Kxg7 28.a4 Be8 
29.b5 Nb4 30.Bf1 a6 31.a5 axb5 32.axb6 Rxa1 33.b7 Na6 34.Nc2 Ra4 35.Nd4 
cxd4 36.Rc2 Bd7 37.Rc6 d3 38.Rxa6 d2 39.Be2 Rxe4 40.Ra2 Rxe2 41.Rxd2 Rxd2 
42.Kg2 Rxd5 43.b8=Q Bc6 44.Kf1 Rd4 45.Qc7 Bd5 46.Qb6 e5 47.f4 b4 48.Kf2 
Be6 49.fxe5 dxe5 50.Qc5 Kf6 51.Ke3 b3 52.Qb6 Rd1 53.Ke2 Rh1 54.Qf2+ Kg7 
55.Kd3 Rd1+ 56.Ke3 f6 57.Qb2 Rd7 58.Qa3 Rb7 59.Qb2 Rc7 60.h4 Rc2 61.Qb1 
Rh2 62.Qg1 b2 0-1

[Event "60th POL-ch"]
[Site "Warsaw POL"]
[Date "2003.04.25"]
[Round "4"]
[White "Urban, Klaudiusz"]
[Black "Kempinski, Robert"]
[Result "1/2-1/2"]
[WhiteElo "2451"]
[BlackElo "2553"]
[EventDate "2003.04.22"]
[PlyCount "78"]

1.d4 Nf6 2.c4 g6 3.Nf3 Bg7 4.g3 d5 5.cxd5 Nxd5 6.Bg2 O-O 7.O-O c5 8.dxc5 
Na6 9.Ng5 e6 10.Ne4 Bd7 11.Nbc3 Bc6 12.Nxd5 exd5 13.Nc3 d4 14.Bxc6 bxc6 
15.Na4 Qd5 16.Bf4 Nxc5 17.Nxc5 Qxc5 18.Rc1 Qb5 19.Rc2 Rfe8 20.Qd3 Qd5 21.
Rfc1 Re6 22.b3 Bf8 23.Qc4 Qxc4 24.Rxc4 c5 25.R1c2 Ra6 26.Kf1 Rd8 27.Ke1 
Be7 28.h4 f6 29.Bc1 Kf7 30.Kd2 g5 31.hxg5 fxg5 32.g4 Kg6 33.Kd3 h5 34.
gxh5+ Kxh5 35.f3 Kg6 36.b4 cxb4 37.Rc6+ Rd6 38.Rxa6 Rxa6 39.Kxd4 Kf5 
1/2-1/2

[Event "60th POL-ch"]
[Site "Warsaw POL"]
[Date "2003.04.25"]
[Round "4"]
[White "Grabarczyk, Miroslaw"]
[Black "Macieja, Bartlomiej"]
[Result "0-1"]
[WhiteElo "2508"]
[BlackElo "2634"]
[EventDate "2003.04.22"]
[PlyCount "84"]

1.d4 Nf6 2.c4 e6 3.Nc3 Bb4 4.Qc2 c5 5.dxc5 O-O 6.Nf3 Na6 7.a3 Bxc3+ 8.Qxc3
Nxc5 9.Bg5 Nfe4 10.Bxd8 Nxc3 11.Be7 Nb3 12.Bxf8 Kxf8 13.Rd1 Nxd1 14.Kxd1 
a5 15.e3 a4 16.Nd2 Nc5 17.Be2 d6 18.Kc2 e5 19.g4 Bd7 20.Rd1 Re8 21.Nb1 Re6
22.Nc3 Rh6 23.h4 Rxh4 24.f3 e4 25.fxe4 Bxg4 26.Bxg4 Rxg4 27.Rxd6 Nxe4 28.
Nxe4 Rxe4 29.Kd3 Re6 30.Rd8+ Ke7 31.Ra8 Ra6 32.Rh8 h6 33.c5 Rc6 34.Rb8 
Rxc5 35.Rxb7+ Kf6 36.Ra7 Rb5 37.Kc2 h5 38.Rxa4 g5 39.b4 h4 40.Ra6+ Kg7 41.
Rd6 h3 42.Rd1 g4 0-1

[Event "60th POL-ch"]
[Site "Warsaw POL"]
[Date "2003.04.25"]
[Round "4"]
[White "Miton, Kamil"]
[Black "Cyborowski, Lukasz"]
[Result "1/2-1/2"]
[WhiteElo "2545"]
[BlackElo "2543"]
[EventDate "2003.04.22"]
[PlyCount "23"]

1.d4 Nf6 2.c4 e6 3.Nc3 d5 4.cxd5 Nxd5 5.e4 Nxc3 6.bxc3 c5 7.Nf3 cxd4 8.
cxd4 Bb4+ 9.Bd2 Bxd2+ 10.Qxd2 O-O 11.Bb5 a6 12.Be2 1/2-1/2

[Event "60th POL-ch"]
[Site "Warsaw POL"]
[Date "2003.04.26"]
[Round "5"]
[White "Cyborowski, Lukasz"]
[Black "Jakubowski, Krzysztof"]
[Result "1-0"]
[WhiteElo "2543"]
[BlackElo "2483"]
[EventDate "2003.04.22"]
[PlyCount "67"]

1.Nf3 d5 2.d4 Nf6 3.c4 e6 4.Nc3 Nbd7 5.e3 Be7 6.Bd3 dxc4 7.Bxc4 a6 8.a4 c5
9.O-O O-O 10.e4 cxd4 11.Qxd4 Bc5 12.Qd3 Qc7 13.Qe2 b6 14.e5 Ng4 15.Bf4 Bb7
16.Ne4 Rfd8 17.Rac1 Bxe4 18.Qxe4 Nxf2 19.Rxf2 Bxf2+ 20.Kxf2 Nc5 21.Qc2 Qc6
22.Ng5 g6 23.b4 Rd4 24.Ke3 Rad8 25.bxc5 Qxc5 26.Ne4 Qb4 27.Nd6 Qc5 28.Nb7 
Qa3+ 29.Qc3 Qxa4 30.Nxd8 Rxd8 31.Bb3 Qa3 32.Bg5 Re8 33.Ra1 Qf8 34.Rxa6 1-0

[Event "60th POL-ch"]
[Site "Warsaw POL"]
[Date "2003.04.26"]
[Round "5"]
[White "Macieja, Bartlomiej"]
[Black "Miton, Kamil"]
[Result "1-0"]
[WhiteElo "2634"]
[BlackElo "2545"]
[EventDate "2003.04.22"]
[PlyCount "93"]

1.e4 c5 2.Nf3 Nc6 3.d4 cxd4 4.Nxd4 Nf6 5.Nc3 e5 6.Ndb5 d6 7.a4 a6 8.Na3 
Be7 9.Bg5 Bg4 10.Qd2 O-O 11.Bc4 Nd4 12.O-O Rc8 13.Bxf6 Bxf6 14.Nd5 Bg5 15.
f4 Bh6 16.Qf2 b5 17.axb5 axb5 18.Bxb5 Be6 19.fxe5 dxe5 20.Bc4 Bxd5 21.Bxd5
Qe7 22.Nc4 Rc7 23.c3 Nb3 24.Rad1 Nc5 25.Ne3 g6 26.Ng4 Bg7 27.Qe3 Kh8 28.
Nh6 f6 29.g3 Ne6 30.Ng4 h5 31.Nf2 Kh7 32.Nd3 Bh6 33.Qb6 Nc5 34.Rf3 Bg7 35.
Nxc5 Rxc5 36.Bc6 Rc8 37.Rd7 Qf8 38.Bb7 Kh6 39.Bxc8 Qxc8 40.Rxg7 Kxg7 41.
Rxf6 Qe8 42.Re6 Qf7 43.Qd6 Rc7 44.Qxe5+ Kh6 45.Qf4+ Qxf4 46.gxf4 Kg7 47.
Re5 1-0

[Event "60th POL-ch"]
[Site "Warsaw POL"]
[Date "2003.04.26"]
[Round "5"]
[White "Krasenkow, Michal"]
[Black "Urban, Klaudiusz"]
[Result "0-1"]
[WhiteElo "2609"]
[BlackElo "2451"]
[EventDate "2003.04.22"]
[PlyCount "128"]

1.Nf3 Nf6 2.c4 e6 3.Nc3 d5 4.d4 Nbd7 5.cxd5 exd5 6.Bf4 c6 7.h3 Nb6 8.e3 
Bf5 9.Be2 Bd6 10.Ne5 Qe7 11.g4 Be6 12.Qc2 Nfd7 13.Nd3 f6 14.h4 Bf7 15.h5 
Bxf4 16.Nxf4 O-O-O 17.O-O-O Kb8 18.Kb1 Nf8 19.Bd3 h6 20.Ng2 Ne6 21.Nh4 
Rhe8 22.Nf5 Qc7 23.f3 Bg8 24.Rhe1 Ng5 25.Qf2 Bh7 26.Ka1 Ka8 27.Rc1 Bxf5 
28.gxf5 Qf7 29.Rh1 Qe7 30.Rce1 Qb4 31.a3 Qd6 32.Rh4 Re7 33.Rg4 Rde8 34.f4 
Ne4 35.Bxe4 dxe4 36.Qg3 Qd7 37.Rg1 Rg8 38.Rg6 Qxf5 39.Rxh6 a6 40.Qg4 Qxg4 
41.Rxg4 Nc4 42.Nd1 Rd8 43.Rh7 Rdd7 44.Rg1 Nd6 45.h6 gxh6 46.Rxh6 Rf7 47.
Rg8+ Ka7 48.Nc3 Nc4 49.Rhh8 Nxe3 50.Na4 b6 51.Ra8+ Kb7 52.Rab8+ Kc7 53.
Rhc8+ Kd6 54.Nxb6 Rb7 55.Rd8+ Ke6 56.Rxb7 Rxb7 57.Na4 Kf5 58.Re8 Nd5 59.
Nc5 Re7 60.Rxe7 Nxe7 61.Kb1 Kxf4 62.Nxa6 Ke3 63.Nc5 f5 64.Kc2 f4 0-1

[Event "60th POL-ch"]
[Site "Warsaw POL"]
[Date "2003.04.26"]
[Round "5"]
[White "Murdzia, Piotr"]
[Black "Staniszewski, Piotr"]
[Result "1/2-1/2"]
[WhiteElo "2452"]
[BlackElo "2446"]
[EventDate "2003.04.22"]
[PlyCount "74"]

1.e4 e5 2.Nf3 Nc6 3.Bb5 a6 4.Ba4 Nf6 5.O-O Be7 6.Re1 b5 7.Bb3 d6 8.c3 O-O 
9.h3 Na5 10.Bc2 c5 11.d4 Qc7 12.Nbd2 Rd8 13.d5 c4 14.Nf1 Nb7 15.Ng3 Bd7 
16.Nh2 Nc5 17.f4 a5 18.Kh1 b4 19.Nf3 g6 20.Rf1 Bb5 21.Be3 b3 22.Bb1 Nfd7 
23.f5 a4 24.Rf2 Rdb8 25.Nh2 Nf6 26.axb3 axb3 27.Rxa8 Rxa8 28.Qf3 Ncd7 29.
Rf1 h5 30.Ne2 Qd8 31.Qg3 Nf8 32.Nf3 Be8 33.Neg1 Kg7 34.Nd2 Qc7 35.Ngf3 
N6h7 36.Qf2 Ra4 37.Qg3 Bf6 1/2-1/2

[Event "60th POL-ch"]
[Site "Warsaw POL"]
[Date "2003.04.26"]
[Round "5"]
[White "Bartel, Mateusz"]
[Black "Jaracz, Pawel"]
[Result "1/2-1/2"]
[WhiteElo "2443"]
[BlackElo "2549"]
[EventDate "2003.04.22"]
[PlyCount "143"]

1.e4 c5 2.Nf3 a6 3.Nc3 e6 4.g3 Nc6 5.Bg2 d6 6.d4 cxd4 7.Nxd4 Bd7 8.O-O Be7
9.Nb3 Nf6 10.a4 O-O 11.a5 b5 12.axb6 Qxb6 13.Be3 Qc7 14.f4 Nb4 15.g4 Bc6 
16.g5 Nd7 17.Nd4 Bb7 18.f5 exf5 19.Nxf5 Ne5 20.Na4 Rae8 21.Rf2 g6 22.Nxe7+
Rxe7 23.Nb6 Nd7 24.Nxd7 Rxd7 25.c3 Nc6 26.Qb3 Ne5 27.Bd4 Nd3 28.Rff1 Nc5 
29.Qc2 Ne6 30.Qd2 Re8 31.Rae1 Nxd4 32.cxd4 Rde7 33.d5 Re5 34.h4 Qe7 35.Rc1
h6 36.Rf6 hxg5 37.hxg5 Rxe4 38.Bxe4 Qxe4 39.Rf4 Qe5 40.Rg4 Bxd5 41.Qd4 
Qxd4+ 42.Rxd4 Re5 43.Rg4 Kg7 44.Rc7 Bf3 45.Rg3 Be2 46.Kf2 Bb5 47.Rf3 Be8 
48.Rc8 Bd7 49.Rc7 Be6 50.Re3 Rf5+ 51.Ke1 Kg8 52.Rg3 Rb5 53.Rg2 a5 54.Ra7 
Kg7 55.Re2 Bb3 56.Rg2 a4 57.Kd2 Bd5 58.Rg4 Rxb2+ 59.Kc1 Rf2 60.Raxa4 Be6 
61.Rg3 d5 62.Ra7 Rf5 63.Kd2 Rf4 64.Rg1 Bf5 65.Ra8 Be4 66.Rd8 Rf5 67.Ke3 
Rf3+ 68.Kd4 Rd3+ 69.Ke5 Rf3 70.Rg4 Rf5+ 71.Kd4 Bf3 72.Rg3 1/2-1/2